• 首页
  • 本馆介绍
  • 公告通知
  • 最新文献
  • 馆藏检索
  • 电子资源
  • 读者导购
  • 参考咨询
  • 我的图书馆
  • 登录
  • 详细信息显示
  • 放入我的书架
  • 预约/预借图书
  • 作者相关作品
  • 分类相关作品
  • 丛书相关作品
  • 出版社相关作品

书目信息

  • 表格格式
  • 工作单格式
  • 卡片格式
题名:
多维视阈下南音的传承与发展研究
    
 
作者: 白志艺 著
分册:  
出版信息: 北京   九州出版社  2020.9
页数: 165页
开本: 24cm
丛书名:
单 册:
中图分类: J632.3
科图分类:
主题词: 南音--研究
电子资源:
ISBN: 978-7-5108-9472-5
000 01005nam0 2200241 45
001 490140
005 20140817191726.0
010    @a978-7-5108-9472-5@dCNY45.00
100    @a20201224d2020 em y0chiy0110 ea
101 0  @achi
102    @aCN@b110000
105    @ay z 000yy
106    @ar
200 1  @a多维视阈下南音的传承与发展研究@Aduo wei shi yu xia nan yin de chuan cheng yu fa zhan yan jiu@f白志艺著
210    @a北京@c九州出版社@d2020.9
215    @a165页@d24cm
300    @a福建省社会科学研究基地泉州师范学院南音研究中心
330    @a本书共分为六章。第一章介绍了南音的历史和发展,第二章介绍了南音的音乐构成、表现形态、主要乐器和演奏特点等,第三章阐述了南音的特点、内容、风格和音乐唱词,第四章对南音的传播进行了阐述,第五章从非物质文化遗产的视角对南音的传承与发展进行了阐述,第六章从互联网的视角对南音在新时代的发展和推广进行了论述。
606 0  @a南音@x研究
690    @aJ632.3@v5
701  0 @a白志艺@Abai zhi yi@4著
801    @aCN@b江苏凤凰@c20211018
905    @b1355791-4@dJ632.3@e220@f4
    
    多维视阈下南音的传承与发展研究/白志艺著.-北京:九州出版社,2020.9
    165页;24cm
    福建省社会科学研究基地泉州师范学院南音研究中心
    
    ISBN 978-7-5108-9472-5:CNY45.00
    本书共分为六章。第一章介绍了南音的历史和发展,第二章介绍了南音的音乐构成、表现形态、主要乐器和演奏特点等,第三章阐述了南音的特点、内容、风格和音乐唱词,第四章对南音的传播进行了阐述,第五章从非物质文化遗产的视角对南音的传承与发展进行了阐述,第六章从互联网的视角对南音在新时代的发展和推广进行了论述。
●
相关链接 在E读中查询图书 在五车中查询图书 在当当中查询图书 在豆瓣中查询图书


正题名:多维视阈下南音的传承与发展研究     索取号:J632.3/220         预约/预借

序号 登录号 条形码 馆藏地/架位号 状态 备注
1 1355791   213557916   第一样本阅览室/ [索取号:J632.3/220] 在馆    
2 1355792   213557925   第一借阅区/ [索取号:J632.3/220] 在馆    
3 1355793   213557934   第一借阅区/ [索取号:J632.3/220] 在馆    
4 1355794   213557943   第一借阅区/ [索取号:J632.3/220] 在馆    
欢迎您!
大连网信软件有限公司© 版权所有